| 000 | 01696nam0a2200361 4500 | ||
|---|---|---|---|
| 001 | RU\NLR\bibl\1051927 | ||
| 005 | 20260405132452.0 | ||
| 010 |
_a5-17-041619-9 _bАСТ |
||
| 010 |
_a5-9725-0792-7 _bАстрель-СПб _95000 |
||
| 021 |
_aRU _b2007-119 _96 |
||
| 035 | _a(nilc)RSL-KNO-003022938 | ||
| 035 | _a(NLR Aleph) 001039235 | ||
| 090 |
_a807990 _c807990 |
||
| 100 | _a20070202d2007 |||y0rusy50 ca | ||
| 101 | 0 | _arus | |
| 102 | _aRU | ||
| 105 | _ay ||||||||| | ||
| 106 | _ar | ||
| 200 | 1 |
_aПлощадь Свободы _fЕвдокимов Андрей |
|
| 210 |
_aМосква _cАСТ _aСанкт-Петербург _cАстрель-СПб _d2007 [т. е. 2006] |
||
| 215 |
_a408, [1] с. _d17 |
||
| 225 | 1 | _aБоевик от Александра Мазина | |
| 300 | _aКн. фактически изд. в 2006 г. | ||
| 610 | 0 | _aФилологические науки. Художественная литература -- Российская Федерация -- Русская литература -- с сер. 50-х гг. 20 в. -- Произведения художественной литературы -- Художественная проза -- Романы. Повести. Рассказы -- Приключенческие и детективные романы, повести, рассказы | |
| 686 |
_aШ5(2=Р)75-644.6 _2rubbk |
||
| 700 | 1 |
_4070 _8rus _7ca _aЕвдокимов _bА. М. _f1945- _gАндрей Михайлович _3RU\NLR\AUTH\7753308 _936240 |
|
| 801 | 0 |
_aRU _bРКП _c20070202 |
|
| 801 | 1 |
_aRU _bРГБ _c20070202 |
|
| 801 | 2 |
_aRU _bNLR _c20070228 _grcr |
|
| 942 | _cBOOK | ||
| 980 | _aNB | ||